| 000 | 01291nam a2200241Ia 4500 | ||
|---|---|---|---|
| 999 |
_c36382 _d36382 |
||
| 001 | 2296 | ||
| 003 | GE_BSU | ||
| 005 | 20190527211839.0 | ||
| 008 | 181216s2011||||ge |||||||||||||| ||geo|| | ||
| 020 | _a978994103544 | ||
| 040 | _cGE_BSU | ||
| 041 | _ageo | ||
| 080 | _a37.01(032) ზ–97 | ||
| 100 |
_aზურაბიშვილი, დავით _91692 |
||
| 245 |
_aსამოქალაქო განათლბის ლექსიკონი / _cავტ.: დავით ზურაბიშვილი, გიორგი გობრონიძე ; რედ. ხათუნა ყვირალაშვილი. საიას იურიდ. განათლ. ხელშეწყობის ფონდი. |
||
| 264 |
_aთბილისი : _bშპს სეზანი, _c2011. |
||
| 300 |
_a304 გვ.; _b21 სმ.. |
||
| 653 | _aსამოქალაქო განათლება | ||
| 700 |
_aგობრონიძე, გიორგი _eავტორი _91693 |
||
| 700 |
_aყვირალაშვილი, ხათუნა _eრედაქტორი _91694 |
||
| 710 |
_aსაიას იურიდ. განათლ. ხელშეწყობის ფონდი _91695 |
||
| 942 |
_cBK _2udc |
||